Následky nesplnenia povinnosti nepeňažnej povahy
Druh povinností v daňovom konaní. Tretie osoby a povinnosti nepeňažnej povahy. Možnosť uloženia pokuty. Postup správcu dane pri ukladaní pokuty. Spôsob uloženia pokuty. Lehota na uloženie pokuty. Lehota na vymoženie pokuty. Povinnosť uložiť pokutu. Pracovný list - porušenie povinnosti nepeňažnej pok...
Saved in:
| Main Author: | |
|---|---|
| Format: | Book Chapter |
| Language: | Slovak |
| Subjects: | |
| Tags: |
No Tags, Be the first to tag this record!
|
MARC
| LEADER | 00000naa a2200000 4500 | ||
|---|---|---|---|
| 001 | r047904 | ||
| 005 | 20231003090059.3 | ||
| 041 | 0 | |a slo | |
| 044 | |a SK | ||
| 245 | 1 | 0 | |a Následky nesplnenia povinnosti nepeňažnej povahy |c Karolína Vránová |
| 520 | |a Druh povinností v daňovom konaní. Tretie osoby a povinnosti nepeňažnej povahy. Možnosť uloženia pokuty. Postup správcu dane pri ukladaní pokuty. Spôsob uloženia pokuty. Lehota na uloženie pokuty. Lehota na vymoženie pokuty. Povinnosť uložiť pokutu. Pracovný list - porušenie povinnosti nepeňažnej pokuty. | ||
| 610 | 2 | 0 | |a konanie daňové |
| 610 | 2 | 0 | |a správa daňová |
| 610 | 2 | 0 | |a pokuty |
| 100 | 1 | |a Vránová, Karolína | |